| 000 | 01025nam a2200301Ia 4500 | ||
|---|---|---|---|
| 001 | Para_7879 | ||
| 003 | CHAP | ||
| 008 | 220125s1904 xx 000 0 und d | ||
| 010 | _a206828 | ||
| 040 | _cCHAP | ||
| 082 | _aPA-C 595.75 H4 | ||
| 100 |
_aVan Duzee, Edward P. _9171035 |
||
| 245 |
_aAnnotated list of the pentatomidae : _b recorded from America North of Mexico, with description of some new species / _c by Edward P. Van Duzee |
||
| 260 |
_as.l : _bs.e |
||
| 300 | _a80 p. | ||
| 440 |
_aHemiptera;8 _9173145 |
||
| 500 | _aSobretiro de: Transactions American Entomological Society 30 (1): 1-80, 1904. Encuadernado con impresos similares | ||
| 650 |
_aHemÃpteros _x colecciones de escritos _9165786 |
||
| 650 |
_aPentatomidae _9173147 |
||
| 710 |
_aTransactions American Entomological Society 30 (1) _9173148 |
||
| 901 | _aPA-C 595.75 H4 | ||
| 902 | _aA | ||
| 905 | _a0000001904 0000000000 00 | ||
| 910 | _a1904 | ||
| 942 | _cPARA | ||
| 942 |
_cPARA _d1 |
||
| 999 |
_c206828 _d206828 |
||